|
|
|
|
| LEADER |
00000nam0a2200000 4500 |
| 001 |
130110 |
| 005 |
20231101220224.0 |
| 010 |
|
|
|a 5962603095
|
| 035 |
|
|
|a (RuTPU)RU\TPU\book\140911
|
| 090 |
|
|
|a 130110
|
| 100 |
|
|
|a 20080131d2007 km y0rusy50 ca
|
| 101 |
0 |
|
|a rus
|
| 102 |
|
|
|a RU
|
| 105 |
|
|
|a a z 001zy
|
| 200 |
1 |
|
|a Розничные сети. Секреты эффективности и типичные ошибки при работе с ними
|f Д. В. Сидоров
|
| 210 |
|
|
|a Москва
|a СПб.
|c Вершина
|d 2007
|
| 215 |
|
|
|a 320 с.
|c ил.
|
| 320 |
|
|
|a Литература: с. 318.
|
| 330 |
|
|
|a Сегодня многие компании сталкиваются с растущими требованиями розничных сетей в области ценовой политики, логистики поставок, организации трейд-маркетинговых и BTL-мероприятий. Как входить в розничную сеть и готовить коммерческое предложение? Каковы особенности ценообразования при работе с розничными сетями? Как оптимизировать условия поставки и организацию логистики? Как выиграть борьбу за место на полке? Как минимизировать штрафные санкции, применяемые сетями в отношении поставщиков? Автор дает четкие и проверенные на практике рекомендации, которые помогут производственным, дистрибьюторским и логистическим компаниям уберечься от ошибок и избежать финансовых потерь при работе с розничными сетями. В приложении представлены практические материалы, необходимые для работы с сетевыми магазинами: образцы договоров, должностные инструкции и положения и многое другое. Книга является незаменимым помощником для директоров и менеджеров производственных и дистрибьюторских организаций, специалистов отделов продаж и маркетинга.
|
| 606 |
1 |
|
|a Розничная торговля
|x Менеджмент
|2 stltpush
|3 (RuTPU)RU\TPU\subj\71915
|9 85586
|
| 610 |
1 |
|
|a экономика
|
| 610 |
1 |
|
|a торговля
|
| 610 |
1 |
|
|a коммерческая деятельность
|
| 610 |
1 |
|
|a розничная торговля
|
| 610 |
1 |
|
|a розничные сети
|
| 610 |
1 |
|
|a Российская Федерация
|
| 610 |
1 |
|
|a ценообразование
|
| 610 |
1 |
|
|a штрафные санкции
|
| 610 |
1 |
|
|a мерчандайзинг
|
| 610 |
1 |
|
|a продукция
|
| 610 |
1 |
|
|a ассортимент
|
| 610 |
1 |
|
|a торговые марки
|
| 610 |
1 |
|
|a BTL
|
| 610 |
1 |
|
|a трейд-маркетинг
|
| 610 |
1 |
|
|a договоры
|
| 610 |
1 |
|
|a бланки заказов
|
| 610 |
1 |
|
|a образцы
|
| 686 |
|
|
|a У9(2)422
|v LBC/SL-A
|2 rubbk
|
| 700 |
|
1 |
|a Сидоров
|b Д. В.
|g Дмитрий Владимирович
|
| 801 |
|
1 |
|a RU
|b 63413507
|c 20080131
|g PSBO
|
| 801 |
|
2 |
|a RU
|b 63413507
|c 20140113
|g PSBO
|
| 900 |
|
|
|a Трейд-маркетинг
|
| 942 |
|
|
|c BK
|